Btd6 Quiz - Statistiken

Allgemein
  • Dieses Quiz wurde 34 mal gespielt
  • Das Durchschnittsergebnis liegt bei 5 aus 10
Antwortstatistiken
Frage Antwort % Korrekt
Wem gehört Btd6? Ninjakiwi
100%
Was ist der teuerste Affe? Superaffe
89%
Wie heisst der Bloon in Runde 100? BAD
79%
Wie heisst die erste Karte? Affenaue
71%
Welcher Boss kann Bloons spucken? Bloonarius
71%
Wie viele Affen gibt es derzeit? 24
54%
Wie heisst der Affe mit den Quests? Patch
21%
Wie viele Karten gibt es derzeit? 79
18%
Wie viel kostet 1000 affengeld in Euro? 2,49
14%
Was ist die BESTE Karte in Btd6? Vier Kreise
11%
Keine übereinstimmenden Quizze gefunden
Verteilung der Resultate
Anzahl Personen mit jedem Resultat
Perzentil nach korrekt beantworteten Fragen
Ihre Resultats-Entwicklung
Sie haben dieses Quiz noch nicht gespielt